<?xml version="1.0" encoding="UTF-8"?>
<record
    xmlns:xsi="http://www.w3.org/2001/XMLSchema-instance"
    xsi:schemaLocation="http://www.loc.gov/MARC21/slim http://www.loc.gov/standards/marcxml/schema/MARC21slim.xsd"
    xmlns="http://www.loc.gov/MARC21/slim">

  <leader>02203cam a2200313 a 4500</leader>
  <controlfield tag="001">14514224</controlfield>
  <controlfield tag="005">20141201142052.0</controlfield>
  <controlfield tag="008">060823t2007    xxuadk frbf   001 0 eng d</controlfield>
  <datafield tag="010" ind1=" " ind2=" ">
    <subfield code="a">2006028075</subfield>
  </datafield>
  <datafield tag="020" ind1=" " ind2=" ">
    <subfield code="a">0071468641 (hardcover : alk. paper)</subfield>
  </datafield>
  <datafield tag="020" ind1=" " ind2=" ">
    <subfield code="a">9780071468640 (hardcover : alk. paper)</subfield>
  </datafield>
  <datafield tag="040" ind1=" " ind2=" ">
    <subfield code="a">DLC</subfield>
    <subfield code="c">DLC</subfield>
    <subfield code="d">BAKER</subfield>
    <subfield code="d">C#P</subfield>
    <subfield code="d">YDXCP</subfield>
    <subfield code="d">YDX</subfield>
    <subfield code="d">DLC</subfield>
    <subfield code="d">EG-ScBUE</subfield>
  </datafield>
  <datafield tag="082" ind1="0" ind2="0">
    <subfield code="a">332.632044</subfield>
    <subfield code="2">22</subfield>
    <subfield code="b">SER</subfield>
  </datafield>
  <datafield tag="100" ind1="1" ind2=" ">
    <subfield code="a">Servigny, Arnaud de</subfield>
    <subfield code="9">36729</subfield>
  </datafield>
  <datafield tag="245" ind1="1" ind2="4">
    <subfield code="a">The handbook of structured finance /</subfield>
    <subfield code="c">Arnaud de Servigny, Norbert Jobst.</subfield>
  </datafield>
  <datafield tag="260" ind1=" " ind2=" ">
    <subfield code="a">New York, United States :</subfield>
    <subfield code="b">McGraw-Hill,</subfield>
    <subfield code="c">c.2007.</subfield>
  </datafield>
  <datafield tag="300" ind1=" " ind2=" ">
    <subfield code="a">vi, 785 p. :</subfield>
    <subfield code="b">charts, forms, tables ;</subfield>
    <subfield code="c">24 cm.</subfield>
  </datafield>
  <datafield tag="500" ind1=" " ind2=" ">
    <subfield code="a">Index : p. 765-785.</subfield>
  </datafield>
  <datafield tag="504" ind1=" " ind2=" ">
    <subfield code="a">Bibliography : p. 759-764.</subfield>
  </datafield>
  <datafield tag="505" ind1="0" ind2=" ">
    <subfield code="a">Overview of the structured credit markets by Alexander Batchvarov-Univariate risk assessment by Arnaud de Servigny and Sven Sandow-Univariate credit risk pricing by Arnaud de Servigny and Philippe Henrotte-Modeling credit dependency by Arnaud de Servigny-Rating migration and asset correlation by Astrid van Landschoot and Norbert Jobst-CDO pricing by Arnaud de Servigny-An introduction to CDO risk management by Norbert Jobst-A practical guide to CDO trading risk management by Andrea Petrelli ... [et al.]-Cash and synthetic CDOs by Olivier Renault-The CDO methodologies developed by Standard and Poor's-Recent and not so recent developments in synthetic CDOs by Norbert Jobst-Residential mortgage-backed securities by Varqa Khadem and Francis Parisi-Covered bonds by Arnaud de Servigny and Aymeric Chauve-An overview of structured investment vehicles and other special purpose companies by Cristina Polizu-Securitizations in Basel ll by William Perraudin-Securitization in the context of Basel ll by Arnaud de Servigny.</subfield>
  </datafield>
  <datafield tag="650" ind1=" " ind2="0">
    <subfield code="a">Asset-backed financing</subfield>
    <subfield code="v">Handbooks, manuals, etc.</subfield>
    <subfield code="9">36730</subfield>
  </datafield>
  <datafield tag="650" ind1=" " ind2="0">
    <subfield code="a">Mortgage-backed securities</subfield>
    <subfield code="v">Handbooks, manuals, etc.</subfield>
    <subfield code="9">36731</subfield>
  </datafield>
  <datafield tag="650" ind1=" " ind2="0">
    <subfield code="a">Credit</subfield>
    <subfield code="x">Management</subfield>
    <subfield code="v">Handbooks, manuals, etc.</subfield>
    <subfield code="9">36732</subfield>
  </datafield>
  <datafield tag="650" ind1=" " ind2="0">
    <subfield code="a">Risk management</subfield>
    <subfield code="v">Handbooks, manuals, etc.</subfield>
    <subfield code="9">36733</subfield>
  </datafield>
  <datafield tag="653" ind1=" " ind2=" ">
    <subfield code="b">BUSADM</subfield>
    <subfield code="c">December2014</subfield>
  </datafield>
  <datafield tag="655" ind1=" " ind2=" ">
    <subfield code="v">reading book</subfield>
    <subfield code="9">34232</subfield>
  </datafield>
  <datafield tag="700" ind1="1" ind2=" ">
    <subfield code="a">Jobst, Norbert Josef</subfield>
    <subfield code="9">36734</subfield>
  </datafield>
  <datafield tag="942" ind1=" " ind2=" ">
    <subfield code="2">ddc</subfield>
    <subfield code="k">332.632044 SER</subfield>
  </datafield>
  <datafield tag="999" ind1=" " ind2=" ">
    <subfield code="c">18694</subfield>
    <subfield code="d">18666</subfield>
  </datafield>
  <datafield tag="952" ind1=" " ind2=" ">
    <subfield code="0">0</subfield>
    <subfield code="1">0</subfield>
    <subfield code="2">ddc</subfield>
    <subfield code="4">0</subfield>
    <subfield code="7">0</subfield>
    <subfield code="8">Baccah</subfield>
    <subfield code="a">MAIN</subfield>
    <subfield code="b">MAIN</subfield>
    <subfield code="c">0TH</subfield>
    <subfield code="d">2014-12-01</subfield>
    <subfield code="e">purchase</subfield>
    <subfield code="g">728.00</subfield>
    <subfield code="h">20677</subfield>
    <subfield code="l">0</subfield>
    <subfield code="o">332.632044 SER</subfield>
    <subfield code="p">000037075</subfield>
    <subfield code="r">2025-07-15 00:00:00</subfield>
    <subfield code="v">910.00</subfield>
    <subfield code="y">REFERENCE</subfield>
  </datafield>
</record>
